Language by person - Statistics

General Stats
  • This quiz has been taken 1,529 times
    619 since last reset
  • The average score is 16 of 30
Answer Stats
Person Language % Correct
Shakespeare English
100%
Mozart German
97%
Kim Il-Sung Korean
91%
Nero Latin
88%
Michaelangelo Italian
85%
Cleopatra Greek
81%
Meiji Japanese
78%
Nikola Tesla Serbo-Croatian
76%
Xerxes Persian
71%
Shen Kuo Chinese
70%
Hatshepsut Egyptian
69%
Nelson Mandela Xhosa
68%
Montezuma Nahuatl
66%
Pancho Villa Spanish
65%
Umar Arabic
58%
Jesus Aramaic
54%
Henry the Navigator Portuguese
48%
Jawaharlal Nehru Hindi
46%
Chandragupta Sanskrit
44%
Harry Houdini Hungarian
43%
Atahualpa Quechua
33%
Ilhan Omar Somali
32%
Robert Mugabe Shona
23%
Pocahontas Powhatan
18%
Ranavalona Malagasy
17%
Sacagawea Shoshoni
12%
Hong Taiji Manchu
10%
Timur Chagatai
8%
Mansa Musa Mandinka
7%
Amina Hausa
3%
No matching quizzes found
Score Distribution
Percent of People with Each Score
Percentile by Number Answered
Your Score History
You have not taken this quiz since the last reset